1021 1512 1272 1023 1198 1540 1380 1896 1873 1973 1556 1538 1500 1770 1762 1753 1879 1354 1110 1800 1639 1087 1797 1023 1650 1836 1887 1069 1435 1392 1312 1982 1410 1342 1712 1829 1482 1369 1900 1949 1390 1756 1157 1664 1664 1791 1201 1167 1106 1131 1652 1168 1876 1412 1932 1326 1144 1598 1906 1895 1318 1545 1457 1129 1221 1382 1220 1007 1088 1872 1780 1340 1279 1226 1200 1754 1807 1036 1011 1828 1427 1106 1760 1743 1533 1868 1813 1237 1146 1276 1586 1864 1330 1657 1066 1575 1693 1140 1796 BCNSPRNW ULIB Ver.6.0+V

เปลี่ยนเป็นภาษาไทย

Change to English
 แสดงรายละเอียดบรรณานุกรม
  กลับหน้าหลัก

Brief Record : Get Marc (ISO 2709) : E-mail record : QR code < ปิดหน้าต่าง
LEADER : 00000nam 2200000uu 4500
001    13399107865
003     ULIB
008    110208s2552 th 000 0 tha d
020    9789749922972
060 04 WY200^bม497ค 2552
245 00 เคหพยาบาล:การดูแลผู้ป่วยที่บ้าน /^cผู้รวบรวมและเรียบเรียง ; มาลินีชลานันต์ ... [และคนอื่นๆ]
250    พิมพ์ครั้งที่ 1
260    กรุงเทพฯ :^bศูนย์ฝึกอบรมปฐมพยาบาลและสุขภาพอนามัยสภากาชาดไทย
300    116 หน้า :^bภาพประกอบ;^c26 ซม.
650  7 ผู้ป่วยที่บ้าน, บริการ
650  7 เคหการพยาบาล
650  7 สุขภาพในครอบครัว
700 0  มาลินี ชลานันต์,^eผู้รวบรวมและเรียบเรียง
710 2  สภากาชาดไทย ศูนย์ฝึกอบรมปฐมพยาบาลและสุขภาพอนามัย
945    ^p220^l0^i028258
945    ^p220^l0^i028257
945    ^p220^l0^i028256
945    ^p220^l0^i026828
945    ^p220^l0^i026827
945    ^p220^l0^i026829
995    เกษร
999    ^aใช้งานได้ทุกระบบ
รายการนี้ยังไม่มีแท็ก
คุณยังไม่ได้ล็อกอิน คุณสามารถมีกิจกรรมร่วมกับเว็บไซต์ได้ แต่ต้องล็อกอินก่อน ::
  ล็อกอิน

รายการสื่อสารสนเทศ

ลำดับที่ ประเภท เลขเรียก/บาร์โค้ด สถานที่ สถานะ
1. วิทยาศาสตร์การแพทย์ และสุขภาพ
วิทยาศาสตร์การแพทย์ และสุขภาพ
WY200 ม497ค 2552 ฉ.2 
  Barcode: 026828
ห้องสมุดวิทยาเขตสวรรค์ประชารักษ์
►ส่วนจัดเก็บหนังสือเก่า สปร
บนชั้น
  ขอยืม
2. วิทยาศาสตร์การแพทย์ และสุขภาพ
วิทยาศาสตร์การแพทย์ และสุขภาพ
WY200 ม497ค 2552 ฉ.3 
  Barcode: 026829
ห้องสมุดวิทยาเขตสวรรค์ประชารักษ์
►ส่วนจัดเก็บหนังสือเก่า สปร
บนชั้น
  ขอยืม
3. วิทยาศาสตร์การแพทย์ และสุขภาพ
วิทยาศาสตร์การแพทย์ และสุขภาพ
WY200 ม497ค 2552 ฉ.4 
  Barcode: 028256
ห้องสมุดวิทยาเขตสวรรค์ประชารักษ์
►ส่วนจัดเก็บหนังสือเก่า สปร
บนชั้น
  ขอยืม
4. วิทยาศาสตร์การแพทย์ และสุขภาพ
วิทยาศาสตร์การแพทย์ และสุขภาพ
WY200 ม497ค 2552 ฉ.5 
  Barcode: 028257
ห้องสมุดวิทยาเขตสวรรค์ประชารักษ์
►ส่วนจัดเก็บหนังสือเก่า สปร
บนชั้น
  ขอยืม
5. วิทยาศาสตร์การแพทย์ และสุขภาพ
วิทยาศาสตร์การแพทย์ และสุขภาพ
WY200 ม497ค 2552 ฉ.6 
  Barcode: 028258
ห้องสมุดวิทยาเขตสวรรค์ประชารักษ์
►ส่วนจัดเก็บหนังสือเก่า สปร
บนชั้น
  ขอยืม

รายการใกล้เคียง
    หัวเรื่อง [ผู้ป่วยที่บ้าน, บริการ]
    หัวเรื่อง [เคหการพยาบาล]
    หัวเรื่อง [สุขภาพในครอบครัว]

BibComment


ยังไม่เคยถูกคอมเมนท์

คอมเมนท์ทรัพยากรรายการนี้
  คอมเมนท์: เคหพยาบาลการดูแลผ..


 Copyright 2026. Bcnsprnw @Library